| 000 | 01021nam a22002537a 4500 | ||
|---|---|---|---|
| 005 | 20240530110514.0 | ||
| 008 | 151222s2013 ua g bbb| 000 0 ara d | ||
| 017 |
_a2012/13653 _bمصر . دار الكتب المصرية |
||
| 020 | _a9789773279929 | ||
| 040 | _aEG-CaGPL | ||
| 082 | 0 | 4 |
_221 _a366.6\ _bص م |
| 100 | 0 | _aصفاء على رفاعى ندا | |
| 245 | 1 | 2 |
_aالمجتمع المدنى و مستقبل التنمية : _bالجمعيات الاهلية نموذجا / _cصفاء على رفاعى ندا |
| 250 | _aط1 | ||
| 260 |
_aالاسكندرية : _bدار الوفاء لدنيا الطباعة و النشر ، _c2013 . |
||
| 300 |
_a195 ص ؛ _c24 سم . |
||
| 504 | _aيشتمل على ارجاعات ببليوجرافية | ||
| 650 | 0 | 4 | _aالجمعيات الاهلية |
| 650 | 0 | 4 | _aالتنمية |
| 650 | 0 | 4 |
_aالمجتمع المدنى _zلبنان |
| 650 | 0 | 4 |
_aالمجتمع المدنى _zالامارات |
| 942 |
_2ddc _cBK |
||
| 999 |
_c61737 _d61737 |
||